000
00258nam a2200109Ia 4500
999
_c
8848
_d
8848
020
_a
978-0130910134
100
_a
Kip R. Irvine
245
0
_a
Assembly Language For Intel Based Computers
260
_a
New Delhi
_b
Viva Books
_c
2000
300
_a
395
942
_c
BK